<?xml version="1.0" encoding="UTF-8"?>
<record
    xmlns:xsi="http://www.w3.org/2001/XMLSchema-instance"
    xsi:schemaLocation="http://www.loc.gov/MARC21/slim http://www.loc.gov/standards/marcxml/schema/MARC21slim.xsd"
    xmlns="http://www.loc.gov/MARC21/slim">

  <leader>04722nam a2200397   4500</leader>
  <controlfield tag="003">CHAP</controlfield>
  <controlfield tag="005">20250604140254.0</controlfield>
  <controlfield tag="007">ta</controlfield>
  <controlfield tag="008">250129s2024    mx ado|fom||| 001 0 spa d</controlfield>
  <datafield tag="040" ind1=" " ind2=" ">
    <subfield code="e">rda</subfield>
  </datafield>
  <datafield tag="041" ind1="0" ind2=" ">
    <subfield code="a">spa</subfield>
    <subfield code="b">eng</subfield>
  </datafield>
  <datafield tag="100" ind1="1" ind2=" ">
    <subfield code="a">Hern&#xE1;ndez Ram&#xED;rez, Itzel</subfield>
    <subfield code="9">189987</subfield>
  </datafield>
  <datafield tag="245" ind1="1" ind2="0">
    <subfield code="a">Elaboraci&#xF3;n de prototipo de envase biodegradable mediante almid&#xF3;n y c&#xE1;scara de naranja (Citrus sinensis L) como materiales estructurales /</subfield>
    <subfield code="c">Itzel Hern&#xE1;ndez Ram&#xED;rez</subfield>
  </datafield>
  <datafield tag="264" ind1=" " ind2=" ">
    <subfield code="a">Chapingo, M&#xE9;xico :</subfield>
    <subfield code="b">El autor,</subfield>
    <subfield code="c">2024</subfield>
  </datafield>
  <datafield tag="300" ind1=" " ind2=" ">
    <subfield code="a">1 recurso en l&#xED;nea (ix, 66 p&#xE1;ginas) :</subfield>
    <subfield code="b">ilustraciones, tablas, gr&#xE1;ficas, fotograf&#xED;as</subfield>
  </datafield>
  <datafield tag="336" ind1=" " ind2=" ">
    <subfield code="2">rdacontent</subfield>
    <subfield code="a">texto</subfield>
    <subfield code="b">txt</subfield>
  </datafield>
  <datafield tag="337" ind1=" " ind2=" ">
    <subfield code="2">rdamedia</subfield>
    <subfield code="a">computadora</subfield>
    <subfield code="b">c</subfield>
  </datafield>
  <datafield tag="338" ind1=" " ind2=" ">
    <subfield code="2">rdacarrier</subfield>
    <subfield code="a">recurso en l&#xED;nea </subfield>
    <subfield code="b">cr</subfield>
  </datafield>
  <datafield tag="502" ind1=" " ind2=" ">
    <subfield code="a">Tesis</subfield>
    <subfield code="b">IA</subfield>
    <subfield code="c">Agroindustrias</subfield>
    <subfield code="d">2024</subfield>
    <subfield code="g">LIC</subfield>
  </datafield>
  <datafield tag="504" ind1=" " ind2=" ">
    <subfield code="a">Bibliograf&#xED;a : p&#xE1;ginas 61-66</subfield>
  </datafield>
  <datafield tag="520" ind1="3" ind2=" ">
    <subfield code="a">Existen industrias que generan una gran cantidad de residuos org&#xE1;nicos que no son aprovechados, y los cuales representan un foco de contaminaci&#xF3;n al producir emisiones de di&#xF3;xido de carbono a la atm&#xF3;sfera; tal como las industrias de jugos de naranja, que solo aprovechan un 30 % de la fruta (Guzm&#xE1;n, 2015). Es por lo que en el presente trabajo se realiz&#xF3; una investigaci&#xF3;n cuyo objetivo es obtener un prototipo de envase biodegradable con c&#xE1;scara de naranja y otras materias primas de origen org&#xE1;nico. Se experiment&#xF3; con dos tipos de almid&#xF3;n (de ma&#xED;z y de yuca), diferentes cantidades de almid&#xF3;n, c&#xE1;scara de naranja y plastificante, dos m&#xE9;todos de deshidratado (solar y artificial). 
Se probaron un total de 12 tratamientos con 3 repeticiones cada uno: El primero, con almid&#xF3;n de ma&#xED;z, 7.5ALM-77.5PLAST-15CNAR y secado artificial, el segundo, con almid&#xF3;n de ma&#xED;z, 35ALM-40PLAST-25CNAR y secado artificial, el tercero con almid&#xF3;n de ma&#xED;z, 60ALM-30PLAST-10CNAR y secado artificial, el cuarto con almid&#xF3;n de ma&#xED;z, 7.5ALM-77.5PLAST-15CNAR y secado solar, el quinto con almid&#xF3;n de ma&#xED;z 35ALM-40PLAST-25CNAR y secado solar, el sexto con almid&#xF3;n de ma&#xED;z, 60ALM-30PLAST-10CNAR, y del s&#xE9;ptimo al doceavo tratamiento se repiten las mismas condiciones pero sustituyendo el almid&#xF3;n de ma&#xED;z por almid&#xF3;n de yuca. 
El tratamiento 8, elaborado con almid&#xF3;n de yuca, 7.5ALM-77.5PLAST-15CNAR y secado solar, fue el que present&#xF3; mejor forma y mejores caracter&#xED;sticas, por lo que, con dicho tratamiento fue posible obtener un prototipo de envase adecuado.</subfield>
  </datafield>
  <datafield tag="520" ind1="3" ind2=" ">
    <subfield code="a">There are industries that generate a large amount of organic waste that is not utilized and represents a source of pollution by producing carbon dioxide emissions into the atmosphere, such as the orange juice industry, which only utilizes 30% of the fruit (Guzm&#xE1;n, 2015). Therefore, in this work, a study was conducted with the objective of obtaining a biodegradable packaging prototype using orange peel and other organic raw materials. Experiments were conducted using two types of starch (corn and cassava), different amounts of starch, orange peel, and plasticizer, and two drying methods (solar and artificial). 11 A total of 12 treatments with 3 repetitions each were tested: The first treatment used corn starch, 7.5STARCH-77.5PLAST-15ORANGE and artificial drying; the second used corn starch, 35STARCH-40PLAST-25ORANGE and artificial drying; the third used corn starch, 60STARCH-30PLAST-10ORANGE and artificial drying; the fourth used corn starch, 7.5STARCH-77.5PLAST-15ORANGE and solar drying; the fifth used corn starch, 35STARCH-40PLAST-25ORANGE and solar drying; the sixth used corn starch, 60STARCH-30PLAST-10ORANGE; and the seventh to twelfth treatments repeated the same conditions but substituted corn starch with cassava starch. 
The eighth treatment, made with cassava starch, 7.5STARCH-77.5PLAST-15ORANGE and solar drying, exhibited the best shape and characteristics, leading to the development of an adequate packaging prototype. 
</subfield>
  </datafield>
  <datafield tag="650" ind1="1" ind2="3">
    <subfield code="a">Naranjas</subfield>
    <subfield code="2">atg</subfield>
    <subfield code="9">146364</subfield>
    <subfield code="x">C&#xE1;scaras de c&#xED;tricos</subfield>
    <subfield code="x">Aprovechamiento de desechos</subfield>
  </datafield>
  <datafield tag="650" ind1="1" ind2="3">
    <subfield code="a">Recipientes</subfield>
    <subfield code="2">atg</subfield>
    <subfield code="9">160610</subfield>
    <subfield code="x">Productos biodegradables</subfield>
  </datafield>
  <datafield tag="650" ind1="1" ind2="3">
    <subfield code="a">Almid&#xF3;n de mandioca</subfield>
    <subfield code="2">atg</subfield>
    <subfield code="9">189988</subfield>
  </datafield>
  <datafield tag="650" ind1="1" ind2="3">
    <subfield code="a">Almid&#xF3;n de ma&#xED;z</subfield>
    <subfield code="2">atg</subfield>
    <subfield code="9">189990</subfield>
  </datafield>
  <datafield tag="650" ind1="1" ind2="3">
    <subfield code="a">Oranges  </subfield>
    <subfield code="2">atg</subfield>
    <subfield code="9">152834</subfield>
    <subfield code="x">Citrus peels</subfield>
    <subfield code="x">Waste utilization</subfield>
  </datafield>
  <datafield tag="650" ind1="1" ind2="3">
    <subfield code="a">Containers</subfield>
    <subfield code="2">atg</subfield>
    <subfield code="9">160606</subfield>
    <subfield code="x">Biodegradable products</subfield>
  </datafield>
  <datafield tag="650" ind1="1" ind2="3">
    <subfield code="a">Cassava starch</subfield>
    <subfield code="2">atg</subfield>
    <subfield code="9">189989</subfield>
  </datafield>
  <datafield tag="650" ind1="1" ind2="3">
    <subfield code="a">Corn starch</subfield>
    <subfield code="2">atg</subfield>
    <subfield code="9">189991</subfield>
  </datafield>
  <datafield tag="700" ind1="1" ind2=" ">
    <subfield code="a">L&#xF3;pez Bautista, Vicente</subfield>
    <subfield code="9">147030</subfield>
    <subfield code="e">director</subfield>
  </datafield>
  <datafield tag="700" ind1="1" ind2=" ">
    <subfield code="a">Espejel Garc&#xED;a, Anastacio</subfield>
    <subfield code="9">147446</subfield>
    <subfield code="e">asesor</subfield>
  </datafield>
  <datafield tag="700" ind1="1" ind2=" ">
    <subfield code="a">Barrera Rodr&#xED;guez, Ariadna Isabel</subfield>
    <subfield code="9">163078</subfield>
    <subfield code="e">asesora</subfield>
  </datafield>
  <datafield tag="856" ind1="4" ind2="0">
    <subfield code="y">DESCARGAR PDF</subfield>
    <subfield code="u">http://10.13.5.2/tesis/tl/1511179-2_HERNANDEZ_RAMIREZ_ITZEL.pdf</subfield>
  </datafield>
  <datafield tag="942" ind1=" " ind2=" ">
    <subfield code="2">Clasificaci&#xF3;n Universidad Aut&#xF3;noma Chapingo</subfield>
    <subfield code="c">TD</subfield>
  </datafield>
  <datafield tag="999" ind1=" " ind2=" ">
    <subfield code="c">220403</subfield>
    <subfield code="d">220403</subfield>
  </datafield>
  <datafield tag="952" ind1=" " ind2=" ">
    <subfield code="0">0</subfield>
    <subfield code="1">0</subfield>
    <subfield code="2">local</subfield>
    <subfield code="4">0</subfield>
    <subfield code="7">0</subfield>
    <subfield code="8">TesDigL</subfield>
    <subfield code="a">IA_</subfield>
    <subfield code="b">IA_</subfield>
    <subfield code="c">E_L</subfield>
    <subfield code="d">2025-01-29</subfield>
    <subfield code="e">El autor</subfield>
    <subfield code="l">0</subfield>
    <subfield code="p">1201015212</subfield>
    <subfield code="r">2025-01-29 12:54:50</subfield>
    <subfield code="w">2025-01-29</subfield>
    <subfield code="y">TD</subfield>
  </datafield>
  <datafield tag="952" ind1=" " ind2=" ">
    <subfield code="0">0</subfield>
    <subfield code="1">0</subfield>
    <subfield code="2">local</subfield>
    <subfield code="4">0</subfield>
    <subfield code="5">1</subfield>
    <subfield code="7">0</subfield>
    <subfield code="8">TesdigD</subfield>
    <subfield code="a">BD</subfield>
    <subfield code="b">BD</subfield>
    <subfield code="c">E_L</subfield>
    <subfield code="d">2025-06-04</subfield>
    <subfield code="l">0</subfield>
    <subfield code="o">Tesis digital</subfield>
    <subfield code="r">2025-06-04 14:57:57</subfield>
    <subfield code="w">2025-06-04</subfield>
    <subfield code="y">TD</subfield>
  </datafield>
</record>
